Banco de Barcelona : estatutos y reglamentos : general y especial del mismo, aprobados por S. M. la Reina Doña Isabel 2a : en 1 mayo de 1844 y 25 marzo de 1845 estatutos y reglamentos :

Publicat: Barcelona : Imprenta A. Pons , 1845
Descripció física: 35 p. ; 24 cm

MARC

LEADER 00000nam a2200000Ia 4500
001 18508
008 160829s1845 xx 000 0 cat d
080 |a RF-3-25 
245 |a Banco de Barcelona :  |b  estatutos y reglamentos :  |b  general y especial del mismo, aprobados por S. M. la Reina Doña Isabel 2a :  |b  en 1 mayo de 1844 y 25 marzo de 1845 
260 |a Barcelona :  |b Imprenta A. Pons,  |c 1845 
300 |a 35 p. ;  |c 24 cm 
590 |a Prové de la caixeta de Casa de Caritat 
650 |a Banc de Barcelona  |x Estatuts  |9 41290 
856 4 |u https://media.diba.cat/diba/fitxers/arxiu/fulletons/bib_18508_1945_baixa.pdf  |y Accés lliure 
856 4 |u https://media.diba.cat/diba/fitxers/arxiu/fulletons/bib_18508_1945_baixa.pdf  |y Accés lliure 
901 |a Arxiu 
942 |n 1  |2 udc 
952 |0 0  |1 0  |4 0  |6 RF325  |7 1  |9 50131  |a Arxiu  |b Arxiu  |d 2016-12-01  |l 0  |o RF-3-25  |p 18508  |r 2016-12-01 00:00:00  |w 2016-12-01  |y ARXIU 
999 |c 53973  |d 53973 
900 |a bib_18508_1945_baixa.pdf